000 00646nam a22002057a 4500
003 OSt
005 20260618095343.0
008 260618b |||||||| |||| 00| 0 eng d
020 _a0871207788
040 _cChuka University Library
050 _aLB 2805
_b.L3 2003
100 _aLambert, Linda
_929944
245 _aLeadership Capacity for Lasting School Improvment
260 _aVirginia
_bASCD
_c2003
300 _a128P
650 _aEducational Leadership United States
_927697
650 _aTeacher Participation in administration United States
_929945
650 _aSchool Improvement Programs United States
_928059
942 _2lcc
_cBK
_n0
999 _c24668
_d24668